Alle Harry Potter Charaktere aus dem ersten Buch - Statistiken

Allgemein
  • Dieses Quiz wurde 139 mal gespielt
  • Das Durchschnittsergebnis liegt bei 31 aus 89
Antwortstatistiken
Nr. Buch Antwort Seite Muggle/ Zauberer % Korrekt
13 1. Hagrid 18 Zauberer
96%
5 1. Harry Potter 8. Zauberer
96%
2 1. Petunia Dursley 5. Muggle
92%
47 1. Ron Weasley 104 Zauberer
92%
3 1. Dudley Dursley 5. Muggle
91%
60 1. Hermine Granger 117 Zauberer
89%
1 1. Vernon Dursley 5. Muggle
89%
9 1. Prof. McGonagall 14. Zauberer
85%
82 1. Prof. Snape 139 Zauberer
85%
8 1. Albus Dumbledore 13. Zauberer
84%
63 1. Draco Malfoy 119 Zauberer
83%
45 1. Fred Weasley 103 Zauberer
83%
46 1. George Weasley 103 Zauberer
81%
43 1. Ginny Weasley 103 Zauberer
79%
50 1. Molly Weasley 106 Zauberer
78%
6 1. Voldemort 9. Zauberer
78%
48 1. Neville Longbottom 105 Zauberer
75%
44 1. Percy Weasley 103 Zauberer
69%
39 1. Prof. Quirrell 79 Zauberer
66%
62 1. Gregory Goyle 119 Zauberer
65%
12 1. James Potter 17 Zauberer
63%
83 1. Argus Filch 140 Squip
62%
61 1. Vincente Crabbe 119 Zauberer
62%
71 1. Seamus Finnigan 132 Zauberer
57%
87 1. Prof. Flitwick 147 Zauberer
55%
88 1. Dean Thomas 159 Zauberer
50%
51 1. Bill Weasley 111 Zauberer
46%
4 1. Lilly Potter 5. Zauberer
46%
85 1. Prof. Sprout 147 Zauberer
46%
37 1. Tom der Wirt 78 Zauberer
46%
84 1. Madam Hooch 140 Zauberer
43%
89 1. Oliver Wood 166 Zauberer
41%
14 1. Sirius Black 20 Zauberer
40%
42 1. Garrick Ollivander 92 Zauberer
38%
18 1. Cornelius Fudge 74 Zauberer
37%
81 1. Nick 136 Geist
37%
90 1. Angelina Johnson 203 Zauberer
35%
11 1. Madam Pomfrey 16 Zauberer
33%
16 1. Mrs. Figg 28 Squib
32%
93 1. Katie Bell 204 Zauberer
29%
56 1. Nicolas Flamel 114 Zauberer
29%
68 1. Lavender Brown 132 Zauberer
28%
65 1. Susan Bones 132 Zauberer
28%
52 1. Charlie Weasley 111 Zauberer
25%
92 1. Alicia Spinnet 204 Zauberer
24%
75 1. Pansy Parkinson 133 Zauberer
24%
76 1. Parvati Patil 133 Zauberer
24%
86 1. Prof. Binns 147 Zauberer
24%
64 1. Hannah Abbott 131 Zauberer
23%
10 1. Dädalus Diggel 15 Zauberer
21%
49 1. Lee Jordan 105 Zauberer
21%
91 1. Marcus Flint 203 Zauberer
20%
77 1. Padma Patil 133 Zauberer
19%
80 1. Blaise Zabini 135 Zauberer
16%
53 1. Peter Pettigrew (Krätze) 111 Zauberer
15%
55 1. Gellert Grindelwald 114 Zauberer
13%
40 1. Madam Malkins 86 Zauberer
13%
15 1. Tante Magda 27 Muggle
13%
20 1. Bathilda Bagshot 75 Zauberer
12%
97 1. Madam Pince 216 Zauberer
12%
69 1. Millicent Bulstrode 132 Zauberer
12%
66 1. Terry Boot 132 Zauberer
12%
38 1. Doris Crockford 78 Zauberer
11%
59 1. Merlin 115 Zauberer
10%
17 1. Piers Polkiss 29 Muggle
10%
74 1. Theodore Nott 133 Zauberer
9%
25 1. Newt Scamander 76 Zauberer
8%
96 1. Terence Higgs 206 Zauberer
8%
67 1. Mandy Brocklehurst 132 Zauberer
7%
78 1. Sally-Anne Perks 133 Zauberer
7%
94 1. Adrian Pucey 204 Zauberer
6%
95 1. Miles Bletchley 205 Zauberer
6%
98 1. Perenelle Flamel 240 Zauberer
6%
19 1. Miranda Habicht 75 Zauberer
5%
54 1. Bertie Botts 112 Zauberer
4%
73 1. Lily Moon 133 Zauberer
4%
70 1. Justin Finch-Fletchey 132 Zauberer
3%
79 1. Lisa Turpin 135 Zauberer
3%
81 1. Großonkel Algie 138 Zauberer
2%
7 1. Jim McGuffin 11. Muggle
2%
21 1. Adalbert Schwahfel 75 Zauberer
1%
24 1. Arsenius Bunsen 75 Zauberer
1%
22 1. Emeric Wendel 75 Zauberer
1%
72 1. Morag McDougel 133 Zauberer
1%
23 1. Phyllida Spore 75 Zauberer
1%
36 1. Quirin Sumo 76 Zauberer
1%
58 1. Alberich Grunnion 115 Zauberer
0%
57 1. Hengis von Woodcroft 115 Zauberer
0%
41 1. Prof. Vindictus Viridian 90 Zauberer
0%
Keine übereinstimmenden Quizze gefunden
Verteilung der Resultate
Anzahl Personen mit jedem Resultat
Perzentil nach korrekt beantworteten Fragen
Ihre Resultats-Entwicklung
Sie haben dieses Quiz noch nicht gespielt